[Event "HUN-chT2 Szechenyi 1819"]
[Site "Hungary"]
[Date "2018.11.18"]
[Round "2.1"]
[White "Czupor, Attila"]
[Black "Toth, Bela"]
[Result "1/2-1/2"]
[WhiteElo "2202"]
[BlackElo "2315"]
[PlyCount "80"]
[EventDate "2018.10.28"]
[EventType "team-tourn"]
[EventRounds "9"]
[EventCountry "HUN"]
[SourceTitle "EXT 2021"]
[Source "ChessBase"]
[SourceDate "2020.10.23"]
[SourceVersion "1"]
[SourceVersionDate "2020.10.23"]
[SourceQuality "1"]
[WhiteTeam "Haladas Szombathely III"]
[BlackTeam "Ajka ASSE"]
[WhiteTeamCountry "HUN"]
[BlackTeamCountry "HUN"]

1. e4 e5 2. Nf3 Nf6 3. Nxe5 d6 4. Nf3 Nxe4 5. Nc3 Nxc3 6. dxc3 Be7 7. Bd3 Nd7 8. Bf4 Nc5 9. Be2 0-0 10. 0-0 Ne6 11. Be3 Bf6 12. Nd4 Nxd4 13. cxd4 Bf5 14. Qd2 Qd7 15. c3 Rfe8 16. Bd3 Re7 17. Rfe1 Rae8 18. Qc2 Bxd3 19. Qxd3 h6 20. h3 Bg5 21. Bd2 Rxe1+ 22. Rxe1 Rxe1+ 23. Bxe1 Qe6 24. Qb1 Qe2 25. g3 d5 26. h4 Be7 27. Qc1 Bd6 28. Bd2 c6 29. Qe1 Qxe1+ 30. Bxe1 f5 31. Bd2 Kf7 32. Kg2 h5 33. Bf4 Be7 34. Kf3 Ke6 35. Ke3 b5 36. b4 Bd8 37. a3 a5 38. Kd3 a4 39. Ke3 g6 40. Kf3 Bf6 1/2-1/2

[Event "HUN-chT2 Szechenyi 1718"]
[Site "Hungary"]
[Date "2017.10.29"]
[Round "1.1"]
[White "Toth, Bela"]
[Black "Czebe, Attila"]
[Result "1/2-1/2"]
[WhiteElo "2310"]
[BlackElo "2465"]
[PlyCount "53"]
[EventDate "2017.10.29"]
[EventType "team-tourn"]
[EventRounds "9"]
[EventCountry "HUN"]
[SourceTitle "EXT 2021"]
[Source "ChessBase"]
[SourceDate "2020.10.23"]
[SourceVersion "1"]
[SourceVersionDate "2020.10.23"]
[SourceQuality "1"]
[WhiteTeam "Ajka ASSE"]
[BlackTeam "Ajka Banyasz"]
[WhiteTeamCountry "HUN"]
[BlackTeamCountry "HUN"]

1. d4 g6 2. c4 Bg7 3. e4 d6 4. Nf3 Nf6 5. Nc3 0-0 6. Be2 c6 7. 0-0 a6 8. a3 b5 9. cxb5 axb5 10. Bf4 Nbd7 11. h3 Nb6 12. Qc2 Be6 13. Rad1 Bc4 14. Rfe1 Qd7 15. Nd2 Bxe2 16. Rxe2 Nh5 17. Be3 f5 18. Nf3 fxe4 19. Qxe4 e6 20. Bg5 Rae8 21. Rde1 Na8 22. d5 cxd5 23. Nxd5 Qf7 24. Nc3 Nc7 25. Qd3 Bxc3 26. Qxc3 Qd7 27. Qd2 1/2-1/2

[Event "Budapest FS05 IM"]
[Site "Budapest"]
[Date "2017.05.16"]
[Round "9"]
[White "Nemeth, Zoltan"]
[Black "Toth, Bela"]
[Result "0-1"]
[WhiteElo "2261"]
[BlackElo "2318"]
[PlyCount "164"]
[EventDate "2017.05.06"]
[EventType "tourn"]
[EventRounds "9"]
[EventCountry "HUN"]
[EventCategory "1"]
[SourceTitle "CBM 178 Extra"]
[Source "ChessBase"]
[SourceDate "2017.06.22"]
[SourceVersion "1"]
[SourceVersionDate "2017.06.22"]
[SourceQuality "1"]

1. Nf3 Nf6 2. g3 d5 3. c4 e6 4. Bg2 d4 5. 0-0 c5 6. b4 cxb4 7. d3 Nc6 8. a3 a5 9. Bg5 Bd7 10. Nbd2 h6 11. Bf4 bxa3 12. Nb3 Bb4 13. Ra2 0-0 14. Nbxd4 Qe7 15. Nxc6 Bxc6 16. Qa1 Rfd8 17. Bc1 b5 18. cxb5 Bd5 19. Rxa3 Bxa3 20. Bxa3 Qb7 21. Rb1 a4 22. Rb4 Rdc8 23. e4 Bb3 24. Nd4 Bc2 25. Bf1 Qb6 26. Nc6 Rc7 27. Qc1 Bb3 28. Bb2 Rac8 29. Qd2 Rxc6 30. bxc6 Qxc6 31. Bxf6 gxf6 32. Qxh6 Qc5 33. Rb7 Qg5 34. Qxg5+ fxg5 35. Ra7 Rc1 36. Kg2 Ra1 37. Rb7 e5 38. f4 gxf4 39. gxf4 exf4 40. Be2 Ra2 41. Kf3 Kg7 42. d4 Rd2 43. Rb4 Bc2 44. Rb7 Rxd4 45. Ra7 Bxe4+ 46. Kxf4 Bc2+ 47. Ke3 Rh4 48. Bb5 Bb3 49. Be8 Rh3+ 50. Kd4 Rxh2 51. Kc3 Rh4 52. Kb2 Re4 53. Bxf7 Bxf7 54. Ka3 Kf6 55. Rxa4 Re3+ 56. Kb2 Ke5 57. Ra3 Re2+ 58. Kc3 Bd5 59. Ra4 Re3+ 60. Kd2 Rh3 61. Rb4 Ra3 62. Kc2 Kd6 63. Kd2 Kc5 64. Rh4 Bc4 65. Rh5+ Kb4 66. Rh8 Rd3+ 67. Ke1 Kc3 68. Rh4 Rf3 69. Rh1 Bd3 70. Rg1 Kd4 71. Rg2 Rf1+ 72. Kd2 Ra1 73. Rg4+ Be4 74. Rg3 Ra2+ 75. Ke1 Bd3 76. Rf3 Kc3 77. Rg3 Rh2 78. Rf3 Rg2 79. Rf4 Re2+ 80. Kd1 Re7 81. Rf3 Re8 82. Rf4 Bc2+ 0-1

[Event "Budapest FS03 IM"]
[Site "Budapest"]
[Date "2017.03.12"]
[Round "8"]
[White "Groetzbach, Julian"]
[Black "Toth, Bela"]
[Result "1/2-1/2"]
[WhiteElo "2234"]
[BlackElo "2347"]
[PlyCount "60"]
[EventDate "2017.03.04"]
[EventType "tourn"]
[EventRounds "9"]
[EventCountry "HUN"]
[SourceTitle "CBM 177 Extra"]
[Source "ChessBase"]
[SourceDate "2017.04.27"]
[SourceVersion "1"]
[SourceVersionDate "2017.04.27"]
[SourceQuality "1"]

1. Nf3 Nf6 2. g3 d5 3. Bg2 c5 4. 0-0 Nc6 5. d4 e6 6. c4 dxc4 7. Qa4 Bd7 8. Qxc4 cxd4 9. Nxd4 Rc8 10. Nc3 Qb6 11. Nxc6 Bxc6 12. Be3 Bc5 13. Na4 Bxa4 14. Qxa4+ Ke7 15. Bg5 Rhd8 16. e3 Rc7 17. Rab1 Qb4 18. Qxb4 Bxb4 19. a3 Bd2 20. Rfd1 Rcd7 21. Kf1 h6 22. Bxf6+ gxf6 23. Ke2 b6 24. b3 Bc3 25. Rxd7+ Rxd7 26. Rd1 Rxd1 27. Kxd1 Kd6 28. Bf3 f5 29. Bh5 f6 30. Bf7 Bb2 1/2-1/2

[Event "HUN-chT2 Szechenyi 1617"]
[Site "Hungary"]
[Date "2017.01.29"]
[Round "7.1"]
[White "Gyarmati, Janos"]
[Black "Toth, Bela"]
[Result "0-1"]
[WhiteElo "2018"]
[BlackElo "2350"]
[PlyCount "78"]
[EventDate "2016.09.25"]
[EventType "team-tourn"]
[EventRounds "11"]
[EventCountry "HUN"]
[SourceTitle "EXT 2021"]
[Source "ChessBase"]
[SourceDate "2020.10.23"]
[SourceVersion "1"]
[SourceVersionDate "2020.10.23"]
[SourceQuality "1"]
[WhiteTeam "Tapolca VSE II"]
[BlackTeam "Ajka ASSE"]
[WhiteTeamCountry "HUN"]
[BlackTeamCountry "HUN"]

1. e4 c5 2. Nf3 d6 3. Bb5+ Nd7 4. 0-0 a6 5. Bxd7+ Bxd7 6. h3 Nf6 7. Qe2 e6 8. Rd1 Be7 9. d3 0-0 10. Bg5 Bc6 11. c3 Qc7 12. Nbd2 b5 13. Nf1 h6 14. Bh4 Rfd8 15. N3h2 Rac8 16. Ng4 Nxg4 17. Bxe7 Qxe7 18. Qxg4 d5 19. e5 d4 20. Ng3 Qg5 21. f4 Qxg4 22. hxg4 Bb7 23. Ne2 dxc3 24. bxc3 Rc7 25. Kf2 Rcd7 26. d4 Be4 27. g3 Bd5 28. dxc5 Rc8 29. a4 Rxc5 30. axb5 axb5 31. Ra5 f6 32. exf6 gxf6 33. Ke3 Rg7 34. Kd4 Rc8 35. Ke3 Bc4 36. Nd4 Rxg4 37. Kf2 Rg7 38. Re1 Rd7 39. Re3 b4 0-1

[Event "SUI-chT"]
[Site "Switzerland"]
[Date "2015.10.11"]
[Round "9.8"]
[White "Rindlisbacher, Lars"]
[Black "Toth, Bela"]
[Result "1/2-1/2"]
[WhiteElo "2305"]
[BlackElo "2341"]
[PlyCount "79"]
[EventDate "2015.03.29"]
[EventType "team-tourn"]
[EventRounds "9"]
[EventCountry "SUI"]
[SourceTitle "EXT 2017"]
[Source "ChessBase"]
[SourceDate "2016.10.25"]
[SourceVersion "1"]
[SourceVersionDate "2016.10.25"]
[SourceQuality "1"]
[WhiteTeam "Zuerich"]
[BlackTeam "Riehen"]
[WhiteTeamCountry "SUI"]
[BlackTeamCountry "SUI"]

1. d4 Nf6 2. Nf3 e6 3. c4 d5 4. e3 c5 5. Bd3 dxc4 6. Bxc4 a6 7. Bb3 b5 8. a4 b4 9. 0-0 Bb7 10. Qe2 Nbd7 11. Rd1 Qc7 12. Nbd2 Be7 13. Nc4 0-0 14. Bd2 Rfd8 15. Rac1 a5 16. Nce5 Nxe5 17. Nxe5 Qb6 18. Qb5 Qxb5 19. axb5 a4 20. dxc5 Bxc5 21. Rxc5 axb3 22. Rcc1 Rd5 23. Nc6 Rxb5 24. Nd4 Rb6 25. Nxb3 Bd5 26. Nc5 h6 27. f3 Ra2 28. e4 Bc6 29. Be3 Rb8 30. Bf4 Rba8 31. Be5 Bb5 32. Rd4 Rxb2 33. Rd6 Rba2 34. Rb6 Nd7 35. Nxd7 Bxd7 36. Rxb4 f6 37. Rc7 R2a7 38. Rxa7 Rxa7 39. Bd4 Rc7 40. Kf2 1/2-1/2

[Event "Oberliga Baden 1415"]
[Site "Baden"]
[Date "2015.02.22"]
[Round "7.1"]
[White "Toth, Bela"]
[Black "Bodrozic, Tomislav"]
[Result "1/2-1/2"]
[WhiteElo "2367"]
[BlackElo "2281"]
[PlyCount "82"]
[EventDate "2014.09.21"]
[EventType "team-tourn"]
[EventRounds "9"]
[EventCountry "GER"]
[SourceTitle "EXT 2016"]
[Source "ChessBase"]
[SourceDate "2015.10.08"]
[SourceVersion "1"]
[SourceVersionDate "2015.10.08"]
[SourceQuality "1"]
[WhiteTeam "Brombach"]
[BlackTeam "Ettlingen"]
[WhiteTeamCountry "GER"]
[BlackTeamCountry "GER"]

1. d4 Nf6 2. c4 g6 3. Nf3 Bg7 4. g3 d5 5. cxd5 Nxd5 6. Bg2 Nb6 7. Nc3 Nc6 8. e3 0-0 9. 0-0 Re8 10. Re1 a5 11. a4 e5 12. d5 Nb4 13. e4 c6 14. Bg5 f6 15. Be3 cxd5 16. Bxb6 Qxb6 17. exd5 Bf5 18. Nh4 Bc2 19. Qe2 e4 20. Qb5 Qxb5 21. Nxb5 Rad8 22. Nc7 Re7 23. Ne6 Rxd5 24. Bxe4 Bxe4 25. Rxe4 f5 26. Re2 Bxb2 27. Rxb2 Rxe6 28. Ng2 Red6 29. Ne3 Rc5 30. h4 Kf7 31. Kg2 b6 32. Rab1 Rd4 33. Re2 Kf6 34. Rb3 Rc1 35. Kf3 Rd6 36. g4 Nc6 37. Kg2 Nd4 38. Rd2 f4 39. Rxb6 Rxb6 40. Nd5+ Ke5 41. Nxb6 f3+ 1/2-1/2

[Event "Basel op"]
[Site "Basel"]
[Date "2015.01.02"]
[Round "2"]
[White "Naiditsch, Arkadij"]
[Black "Toth, Bela"]
[Result "1-0"]
[WhiteElo "2694"]
[BlackElo "2348"]
[PlyCount "85"]
[EventDate "2015.01.01"]
[EventType "swiss"]
[EventRounds "7"]
[EventCountry "SUI"]
[SourceTitle "CBM 164 Extra"]
[Source "ChessBase"]
[SourceDate "2015.03.02"]
[SourceVersion "1"]
[SourceVersionDate "2015.03.02"]
[SourceQuality "1"]

1. e4 e5 2. Nf3 Nf6 3. Nc3 Nc6 4. Bb5 Bd6 5. d3 h6 6. a3 a6 7. Ba4 b5 8. Bb3 Bb7 9. Ne2 Bc5 10. Ng3 d6 11. Be3 0-0 12. 0-0 Nd4 13. Bxd4 Bxd4 14. Nxd4 exd4 15. Nf5 c5 16. Qf3 Bc8 17. a4 Bxf5 18. Qxf5 Qc8 19. Qf4 c4 20. Ba2 Qc5 21. Rfd1 Rfe8 22. h3 Rac8 23. Rab1 Qe5 24. Qd2 c3 25. bxc3 Rxc3 26. axb5 axb5 27. Bb3 Qc5 28. Ra1 d5 29. exd5 Nxd5 30. Re1 Rxe1+ 31. Qxe1 Nf6 32. Ra8+ Kh7 33. Rd8 Qb6 34. Qe7 Rc7 35. Qf8 Qa5 36. g3 Qa1+ 37. Kg2 Qa7 38. Rb8 Re7 39. Qc8 Re5 40. Rb7 Qa6 41. Bxf7 h5 42. Qc7 Rg5 43. Ra7 1-0

[Event "Oberliga Baden 1415"]
[Site "Baden"]
[Date "2014.12.07"]
[Round "4.1"]
[White "Gschnitzer, Oswald"]
[Black "Toth, Bela"]
[Result "0-1"]
[WhiteElo "2407"]
[BlackElo "2346"]
[PlyCount "88"]
[EventDate "2014.09.21"]
[EventType "team-tourn"]
[EventRounds "9"]
[EventCountry "GER"]
[SourceTitle "EXT 2016"]
[Source "ChessBase"]
[SourceDate "2015.10.08"]
[SourceVersion "1"]
[SourceVersionDate "2015.10.08"]
[SourceQuality "1"]
[WhiteTeam "Walldorf"]
[BlackTeam "Brombach"]
[WhiteTeamCountry "GER"]
[BlackTeamCountry "GER"]

1. Nf3 Nf6 2. c4 e6 3. Nc3 d5 4. d4 Be7 5. Bg5 h6 6. Bxf6 Bxf6 7. e3 0-0 8. Rc1 c6 9. Bd3 Nd7 10. 0-0 dxc4 11. Bxc4 e5 12. Ne4 exd4 13. Nxd4 Be5 14. f4 Bxd4 15. Qxd4 Nb6 16. Nd6 Nxc4 17. Rxc4 Be6 18. Ra4 Qb6 19. f5 Qxd4 20. Rxd4 Bxa2 21. Nxb7 Rab8 22. Rd7 Bd5 23. Rf4 Rfe8 24. Kf2 a5 25. Ra4 Re5 26. Rxa5 Rxf5+ 27. Ke1 Be6 28. Rc7 Rxa5 29. Nxa5 Rxb2 30. Nxc6 Rxg2 31. h4 Rh2 32. Nd4 Rxh4 33. Kf2 Rh5 34. Kf3 Rd5 35. Ra7 Rd6 36. Kf4 Rb6 37. Ra8+ Kh7 38. Ra7 g5+ 39. Ke5 Kg7 40. Rc7 Kg6 41. Nc6 Rb5+ 42. Kd4 g4 43. Ne5+ Kf6 44. Nd3 h5 0-1

[Event "SUI-chT"]
[Site "Switzerland"]
[Date "2013.10.12"]
[Round "8.8"]
[White "Toth, Bela"]
[Black "Vuilleumier, Alexandre"]
[Result "1-0"]
[WhiteElo "2359"]
[BlackElo "2324"]
[PlyCount "73"]
[EventDate "2013.03.17"]
[EventType "team-tourn"]
[EventRounds "9"]
[EventCountry "SUI"]
[SourceTitle "EXT 2014"]
[Source "ChessBase"]
[SourceDate "2013.11.20"]
[SourceVersion "1"]
[SourceVersionDate "2013.11.20"]
[SourceQuality "1"]
[WhiteTeam "Riehen"]
[BlackTeam "Geneve"]
[WhiteTeamCountry "SUI"]
[BlackTeamCountry "SUI"]

1. d4 Nf6 2. c4 e6 3. Nf3 d5 4. Nc3 Bb4 5. Qa4+ Nc6 6. e3 0-0 7. Bd2 a6 8. a3 Bd6 9. c5 Be7 10. Bd3 e5 11. Nxe5 Nxe5 12. dxe5 Nd7 13. Nxd5 Nxe5 14. Be4 Nd3+ 15. Bxd3 Qxd5 16. Be4 Qxc5 17. Rc1 Qe5 18. Bc3 Qb5 19. Qc2 h6 20. Bh7+ Kh8 21. Bd3 Qh5 22. 0-0 Bd6 23. f4 f5 24. Rf3 Qe8 25. Rcf1 Bd7 26. Rg3 Rf7 27. e4 Ba4 28. Qb1 Rd8 29. exf5 Bc5+ 30. Kh1 Bd4 31. Bc4 Rfd7 32. Be6 Rd6 33. Qe1 Bb5 34. Bxd4 Rxd4 35. Qe5 Qe7 36. Re1 Rd2 37. Rg6 1-0

[Event "SUI-chT"]
[Site "Switzerland"]
[Date "2013.06.23"]
[Round "5.5"]
[White "Toth, Bela"]
[Black "Eschmann, Pascal"]
[Result "1-0"]
[WhiteElo "2359"]
[BlackElo "2029"]
[PlyCount "109"]
[EventDate "2013.03.17"]
[EventType "team-tourn"]
[EventRounds "9"]
[EventCountry "SUI"]
[SourceTitle "EXT 2014"]
[Source "ChessBase"]
[SourceDate "2013.11.20"]
[SourceVersion "1"]
[SourceVersionDate "2013.11.20"]
[SourceQuality "1"]
[WhiteTeam "Riehen"]
[BlackTeam "Wollishofen"]
[WhiteTeamCountry "SUI"]
[BlackTeamCountry "SUI"]

1. d4 Nf6 2. c4 e6 3. Nc3 Bb4 4. e3 Bxc3+ 5. bxc3 0-0 6. Bd3 d6 7. Ne2 e5 8. e4 Re8 9. f3 c5 10. 0-0 Nc6 11. d5 Ne7 12. Be3 Ng6 13. Qd2 Rb8 14. Ng3 Qc7 15. Bg5 Nd7 16. Nf5 f6 17. Be3 Ndf8 18. g4 Nh8 19. h4 Nf7 20. Rf2 Ng6 21. Rh2 Kh8 22. Kh1 Bxf5 23. exf5 Nf4 24. Be4 Qa5 25. Rg1 a6 26. g5 b5 27. g6 hxg6 28. Rxg6 bxc4 29. Bxf4 exf4 30. Rhg2 Rg8 31. Qxf4 Qxc3 32. Qg4 Nh6 33. Qf4 Kh7 34. Qg3 Kh8 35. Rxg7 Qa1+ 36. Kh2 Qe5 37. Qxe5 dxe5 38. Rc7 c3 39. Rxg8+ Kxg8 40. Rxc5 Rb2+ 41. Kg3 Rxa2 42. Rxc3 a5 43. Rd3 Kf8 44. d6 Ke8 45. Bd5 Rb2 46. Be6 Rb8 47. Rc3 Rd8 48. Rc7 Rxd6 49. Rh7 e4 50. Rxh6 e3 51. Rh8+ Ke7 52. Rh7+ Kd8 53. h5 Rd1 54. Rd7+ Rxd7 55. Bxd7 1-0

[Event "SUI-chT"]
[Site "Switzerland"]
[Date "2013.06.22"]
[Round "4.5"]
[White "Schiendorfer, Florian"]
[Black "Toth, Bela"]
[Result "1/2-1/2"]
[WhiteElo "2180"]
[BlackElo "2359"]
[PlyCount "67"]
[EventDate "2013.03.17"]
[EventType "team-tourn"]
[EventRounds "9"]
[EventCountry "SUI"]
[SourceTitle "EXT 2014"]
[Source "ChessBase"]
[SourceDate "2013.11.20"]
[SourceVersion "1"]
[SourceVersionDate "2013.11.20"]
[SourceQuality "1"]
[WhiteTeam "Bern Schwarz Weiss"]
[BlackTeam "Riehen"]
[WhiteTeamCountry "SUI"]
[BlackTeamCountry "SUI"]

1. d4 Nf6 2. Nf3 e6 3. e3 c5 4. c4 d5 5. Nc3 Nc6 6. a3 a6 7. dxc5 Bxc5 8. b4 Ba7 9. Bb2 0-0 10. Qc2 Qe7 11. Rd1 Rd8 12. Be2 d4 13. exd4 Nxd4 14. Nxd4 Bxd4 15. 0-0 e5 16. Na4 Bg4 17. Bxd4 Rxd4 18. Rxd4 exd4 19. Bxg4 Nxg4 20. h3 Nf6 21. Rd1 Rd8 22. Nc5 a5 23. Nd3 axb4 24. axb4 Qd7 25. Rc1 Qf5 26. Rd1 g6 27. Qd2 Qe6 28. Qc2 Rc8 29. c5 Ra8 30. Nf4 Qe5 31. Nd3 Qd5 32. Nf4 Qe5 33. Nd3 Qd5 34. Nf4 1/2-1/2

[Event "SUI-chT"]
[Site "Switzerland"]
[Date "2013.03.17"]
[Round "1.6"]
[White "Toth, Bela"]
[Black "Schmid, Michael1111"]
[Result "1-0"]
[WhiteElo "2359"]
[BlackElo "2218"]
[PlyCount "61"]
[EventDate "2013.03.17"]
[EventType "team-tourn"]
[EventRounds "9"]
[EventCountry "SUI"]
[SourceTitle "CBM 153 Extra"]
[Source "ChessBase"]
[SourceDate "2013.04.22"]
[SourceVersion "1"]
[SourceVersionDate "2013.04.22"]
[SourceQuality "1"]
[WhiteTeam "Riehen"]
[BlackTeam "Bodan"]
[WhiteTeamCountry "SUI"]
[BlackTeamCountry "SUI"]

1. d4 Nf6 2. c4 g6 3. Nf3 Bg7 4. g3 0-0 5. Bg2 d6 6. Nc3 Nbd7 7. 0-0 e5 8. e4 exd4 9. Nxd4 Ng4 10. h3 Nge5 11. b3 Nc5 12. Be3 Bd7 13. Qc2 a5 14. Rad1 Qc8 15. Kh2 Nc6 16. Nd5 Re8 17. Rfe1 Ne7 18. f4 Ne6 19. Nf3 Nc5 20. Bd4 Nxd5 21. cxd5 b6 22. Bxg7 Kxg7 23. Nd4 f6 24. Qc3 Re7 25. e5 fxe5 26. fxe5 dxe5 27. Nf3 Kg8 28. Nxe5 Qf8 29. d6 cxd6 30. Nxd7 Nxd7 31. Rxe7 1-0